000
00329nam a22001337a 4500
008
171202b xxu||||| |||| 00| 0 eng d
020
_a
490492001
041
_a
eng
080
_a
37
100
_a
46
101
_a
EDU
245
_a
A MANUAL FOR WRITERS OF TERM PAPER, THESES, AND DISSERTATIONS
_c
TURABIAN, K.L
942
_2
udc
_c
BK
999
_c
38722
_d
38722